Giáo dục & Thời đại
Ngưng đặt mua từ 1/2019
Uloženo v:
| Hlavní autor: | |
|---|---|
| Médium: | Kniha |
| Jazyk: | Undetermined |
| Vydáno: |
Hà Nội
|
| Témata: | |
| On-line přístup: | http://lrc.tdmu.edu.vn/opac/search/detail.asp?aID=2&ID=6814 |
| Tagy: |
Přidat tag
Žádné tagy, Buďte první, kdo otaguje tento záznam!
|
| Thư viện lưu trữ: | Trung tâm Học liệu Trường Đại học Thủ Dầu Một |
|---|
| LEADER | 00672nam a2200169Ia 4500 | ||
|---|---|---|---|
| 001 | TDMU_6814 | ||
| 008 | 210410s9999 xx 000 0 und d | ||
| 082 | |a NULL | ||
| 100 | |a Bộ Giáo dục và Đào tạo | ||
| 245 | 0 | |a Giáo dục & Thời đại | |
| 245 | 0 | |c Bộ Giáo dục và Đào tạo - Diễn đàn toàn xã hội vì sự nghiệp giáo dục | |
| 260 | |a Hà Nội | ||
| 300 | |a 16tr | ||
| 520 | |a Ngưng đặt mua từ 1/2019 | ||
| 650 | |a Báo Giáo dục & Thời đại | ||
| 856 | |u http://lrc.tdmu.edu.vn/opac/search/detail.asp?aID=2&ID=6814 | ||
| 980 | |a Trung tâm Học liệu Trường Đại học Thủ Dầu Một | ||